| 000 | 00783nam a2200229 a 4500 | ||
|---|---|---|---|
| 001 | BRCA_8277 | ||
| 005 | 20190320210217.0 | ||
| 008 | 110614s1937----sp-a###f##---#000-0#cat-# | ||
| 041 | _acat | ||
| 044 | _asp | ||
| 050 | 4 |
_aN7109 _b.A78 1937 |
|
| 245 | 1 | 0 |
_aL´art catalan en Paris _bComité de Paris de l´exposition d´art catalan du Xe. au XVe. siécle _cMusée national du Jeu de Paume. |
| 260 |
_aParis _bMarlot Fréres _c1937 |
||
| 300 |
_a110 p. _bil. _c23 cm. |
||
| 500 | _aExposición auspiciada por la Conselleria de Cultura de la Generalitát de Catalunya | ||
| 500 | _aS60 | ||
| 650 | 1 | 4 |
_aArte catalán _ySiglo X-XV _920671 |
| 650 | 1 | 4 |
_aArte catalán _vExposiciones _920672 |
| 710 | 2 |
_aMusée National du Jeu de Paume (Paris) _920673 |
|
| 902 | _aGFM | ||
| 942 |
_2lcc _cB |
||
| 999 |
_c7945 _d7945 |
||